<?xml version="1.0" encoding="UTF-8"?>
<record
    xmlns:xsi="http://www.w3.org/2001/XMLSchema-instance"
    xsi:schemaLocation="http://www.loc.gov/MARC21/slim http://www.loc.gov/standards/marcxml/schema/MARC21slim.xsd"
    xmlns="http://www.loc.gov/MARC21/slim">

  <leader>01902nam a22002657a 4500</leader>
  <controlfield tag="005">20221205144103.0</controlfield>
  <controlfield tag="008">221205b           ||||| |||| 00| 0 eng d</controlfield>
  <datafield tag="040" ind1=" " ind2=" ">
    <subfield code="c">AL</subfield>
  </datafield>
  <datafield tag="041" ind1=" " ind2=" ">
    <subfield code="a">kan</subfield>
  </datafield>
  <datafield tag="082" ind1=" " ind2=" ">
    <subfield code="2">23</subfield>
    <subfield code="a">K894.1</subfield>
    <subfield code="b">RADT</subfield>
  </datafield>
  <datafield tag="100" ind1=" " ind2=" ">
    <subfield code="a">Radhakrishna: &#xCB0;&#xCBE;&#xCA7;&#xCBE;&#xC95;&#xCC3;&#xCB7;&#xCCD;&#xCA3; </subfield>
    <subfield code="9">64741</subfield>
  </datafield>
  <datafield tag="245" ind1=" " ind2=" ">
    <subfield code="a">Tirukkural:arivinedege arivina hejje Kannda bhavanuvada mula saramsha sahita:</subfield>
    <subfield code="b">&#xCA4;&#xCBF;&#xCB0;&#xCC1;&#xC95;&#xCCD;&#xC95;&#xCC1;&#xCB0;&#xCB3;&#xCCD;: &#xC85;&#xCB0;&#xCBF;&#xCB5;&#xCBF;&#xCA8;&#xCC6;&#xCA1;&#xCC6;&#xC97;&#xCC6; &#xC85;&#xCB0;&#xCBF;&#xCB5;&#xCBF;&#xCA8; &#xCB9;&#xCC6;&#xC9C;&#xCCD;&#xC9C;&#xCC6; &#xC95;&#xCA8;&#xCCD;&#xCA8;&#xCA1; &#xCAD;&#xCBE;&#xCB5;&#xCBE;&#xCA8;&#xCC1;&#xCB5;&#xCBE;&#xCA6; &#xCAE;&#xCC2;&#xCB2; &#xCB8;&#xCBE;&#xCB0;&#xCBE;&#xC82;&#xCB6; &#xCB8;&#xCB9;&#xCBF;&#xCA4; </subfield>
  </datafield>
  <datafield tag="260" ind1=" " ind2=" ">
    <subfield code="a">Mangaluru</subfield>
    <subfield code="b">Prabuddha Bharata Prakashana</subfield>
    <subfield code="c">2022</subfield>
  </datafield>
  <datafield tag="300" ind1=" " ind2=" ">
    <subfield code="a">xx,284p.</subfield>
    <subfield code="b">HB</subfield>
    <subfield code="c">22x14cm.</subfield>
  </datafield>
  <datafield tag="365" ind1=" " ind2=" ">
    <subfield code="2">Kannada</subfield>
    <subfield code="b">450.00</subfield>
    <subfield code="c">&#x20B9;</subfield>
    <subfield code="d">450.00</subfield>
  </datafield>
  <datafield tag="520" ind1=" " ind2=" ">
    <subfield code="a">&#xCA4;&#xCBF;&#xCB0;&#xCC1;&#xC95;&#xCCD;&#xC95;&#xCC1;&#xCB0;&#xCB3;&#xCCD; &#xCB8;&#xC82;&#xC95;&#xCB2;&#xCA8;&#xCA6;&#xCB2;&#xCCD;&#xCB2;&#xCBF; &#xC92;&#xC9F;&#xCCD;&#xC9F;&#xCC1; &#xCE7;&#xCE9;&#xCE9; &#xC85;&#xCA7;&#xCCD;&#xCAF;&#xCBE;&#xCAF;&#xC97;&#xCB3;&#xCBF;&#xCA6;&#xCCD;&#xCA6;&#xCC1; &#xC92;&#xC82;&#xCA6;&#xCCA;&#xC82;&#xCA6;&#xCC1; &#xC85;&#xCA7;&#xCCD;&#xCAF;&#xCBE;&#xCAF;&#xCA6;&#xCB2;&#xCCD;&#xCB2;&#xCC2; &#xCB8;&#xCBE;&#xCB2;&#xCBF;&#xCA8;  &#xCB9;&#xCA4;&#xCCD;&#xCA4;&#xCC1; &#xCAA;&#xCA6;&#xCCD;&#xCAF;&#xC97;&#xCB3;&#xCBF;&#xCB5;&#xCC6;.  &#xCA4;&#xCBF;&#xCB0;&#xCC1;&#xC95;&#xCCD;&#xC95;&#xCC1;&#xCB0;&#xCB3;&#xCBF;&#xCA8;&#xCB2;&#xCCD;&#xCB2;&#xCBF; &#xC92;&#xC9F;&#xCCD;&#xC9F;&#xCC1; &#xCE7;&#xCE9;&#xCE9;&#xCE6; &#xCAA;&#xCA6;&#xCCD;&#xCAF;&#xC97;&#xCB3;&#xCBF;&#xCB5;&#xCC6; &#xCA4;&#xCAE;&#xCBF;&#xCB3;&#xCBF;&#xCA8; &#xCA4;&#xCBF;&#xCB0;&#xCC1; &#xC85;&#xC82;&#xCA6;&#xCB0;&#xCC6; &#xC95;&#xCA8;&#xCCD;&#xCA8;&#xCA1;&#xCB2;&#xCCD;&#xCB2;&#xCBF; &#xCAA;&#xCB5;&#xCBF;&#xCA4;&#xCCD;&#xCB0;, &#xCAA;&#xCC2;&#xC9C;&#xCCD;&#xCAF; &#xC8E;&#xC82;&#xCAC; &#xC85;&#xCB0;&#xCCD;&#xCA5;&#xCB5;&#xCA8;&#xCCD;&#xCA8;&#xCC1; &#xCA8;&#xCC0;&#xCA1;&#xCC1;&#xCA4;&#xCCD;&#xCA4;&#xCA6;&#xCC6;. &#xCB9;&#xCBE;&#xC97;&#xCC6;&#xCAF;&#xCC7;  &#xC95;&#xCCD;&#xC95;&#xCC1;&#xCB0;&#xCB2;&#xCCD;  &#xC8E;&#xC82;&#xCA6;&#xCB0;&#xCC6; &#xCB8;&#xCA3;&#xCCD;&#xCA3; &#xC85;&#xCB0;&#xCCD;&#xCA5;&#xCB5;&#xCBF;&#xCA6;&#xCC6;.</subfield>
  </datafield>
  <datafield tag="650" ind1=" " ind2=" ">
    <subfield code="a">Dharmabhaga: &#xCA7;&#xCB0;&#xCCD;&#xCAE;&#xCAD;&#xCBE;&#xC97; </subfield>
    <subfield code="9">64734</subfield>
  </datafield>
  <datafield tag="650" ind1=" " ind2=" ">
    <subfield code="a">Grahastha Dharma Vibhaga: &#xC97;&#xCCD;&#xCB0;&#xCB9;&#xCB8;&#xCCD;&#xCA5; &#xCA7;&#xCB0;&#xCCD;&#xCAE; &#xCB5;&#xCBF;&#xCAD;&#xCBE;&#xC97;</subfield>
    <subfield code="9">64735</subfield>
  </datafield>
  <datafield tag="650" ind1=" " ind2=" ">
    <subfield code="a">Sanyasa Dharma Vibhaga: &#xCB8;&#xCA8;&#xCCD;&#xCAF;&#xCBE;&#xCB8; &#xCA7;&#xCB0;&#xCCD;&#xCAE; &#xCB5;&#xCBF;&#xCAD;&#xCBE;&#xC97; </subfield>
    <subfield code="9">64736</subfield>
  </datafield>
  <datafield tag="650" ind1=" " ind2=" ">
    <subfield code="a">Vidhi Vibhaga: &#xCB5;&#xCBF;&#xCA7;&#xCBF; &#xCB5;&#xCBF;&#xCAD;&#xCBE;&#xC97; </subfield>
    <subfield code="9">64737</subfield>
  </datafield>
  <datafield tag="650" ind1=" " ind2=" ">
    <subfield code="a">Artha Vibhaga: &#xC85;&#xCB0;&#xCCD;&#xCA5; &#xCB5;&#xCBF;&#xCAD;&#xCBE;&#xC97; </subfield>
    <subfield code="9">64738</subfield>
  </datafield>
  <datafield tag="650" ind1=" " ind2=" ">
    <subfield code="a">Ola Vibhaga: &#xC92;&#xCB3; &#xCB5;&#xCBF;&#xCAD;&#xCBE;&#xC97; </subfield>
    <subfield code="9">64739</subfield>
  </datafield>
  <datafield tag="700" ind1=" " ind2=" ">
    <subfield code="a">RADHAKRISHNA: &#xCB0;&#xCBE;&#xCA7;&#xCBE;&#xC95;&#xCC3;&#xCB7;&#xCCD;&#xCA3; </subfield>
    <subfield code="9">64740</subfield>
  </datafield>
  <datafield tag="942" ind1=" " ind2=" ">
    <subfield code="2">ddc</subfield>
    <subfield code="c">DB</subfield>
  </datafield>
  <datafield tag="999" ind1=" " ind2=" ">
    <subfield code="c">225434</subfield>
    <subfield code="d">225434</subfield>
  </datafield>
  <datafield tag="952" ind1=" " ind2=" ">
    <subfield code="0">0</subfield>
    <subfield code="1">0</subfield>
    <subfield code="2">ddc</subfield>
    <subfield code="4">0</subfield>
    <subfield code="7">0</subfield>
    <subfield code="8">KAN</subfield>
    <subfield code="a">AL</subfield>
    <subfield code="b">AL</subfield>
    <subfield code="d">2022-12-01</subfield>
    <subfield code="g">450.00</subfield>
    <subfield code="l">0</subfield>
    <subfield code="o">K894.1 RADT</subfield>
    <subfield code="p">D04829</subfield>
    <subfield code="r">2022-12-05 00:00:00</subfield>
    <subfield code="v">450.00</subfield>
    <subfield code="w">2022-12-05</subfield>
    <subfield code="y">DB</subfield>
    <subfield code="z">Donated by  Rev Dr Praveen Martis SJ</subfield>
  </datafield>
  <datafield tag="952" ind1=" " ind2=" ">
    <subfield code="0">0</subfield>
    <subfield code="1">0</subfield>
    <subfield code="2">ddc</subfield>
    <subfield code="4">0</subfield>
    <subfield code="7">0</subfield>
    <subfield code="8">KAN</subfield>
    <subfield code="a">AL</subfield>
    <subfield code="b">AL</subfield>
    <subfield code="d">2022-12-01</subfield>
    <subfield code="g">450.00</subfield>
    <subfield code="l">0</subfield>
    <subfield code="o">K894.1 RADT</subfield>
    <subfield code="p">D04830</subfield>
    <subfield code="r">2022-12-05 00:00:00</subfield>
    <subfield code="v">450.00</subfield>
    <subfield code="w">2022-12-05</subfield>
    <subfield code="y">DB</subfield>
    <subfield code="z">Donated by  Rev Dr Praveen Martis SJ</subfield>
  </datafield>
</record>
